| 000 | 00695cab a2200229 4500 | ||
|---|---|---|---|
| 001 | ABS39967 | ||
| 008 | 090401t1988 xxu||||| |||| 00| 0 eng d | ||
| 035 | _a(Sirsi) u20343 | ||
| 041 | _aeng | ||
| 100 | _aWilson, P. | ||
| 245 | _aComing down the hill | ||
| 260 | _c1988 | ||
| 350 | _a0 | ||
| 490 |
_aTimber Grower _v(109) Winter 1988, 23-25(2) |
||
| 520 | _aDescribes three Government schemes introduced to encourage farmers to plant trees on farmland : Farm Woodland Scheme , Woodland Grant Scheme and Set-Aside Scheme . | ||
| 650 | _aALTERNATIVE ENTERPRISES | ||
| 650 | _aDIVERSIFICATION | ||
| 650 | _aFORESTRY | ||
| 690 | _aRURAL PRACTICE | ||
| 942 | _n0 | ||
| 948 | _c04/03/1997 | ||
| 999 |
_c13629 _d13629 |
||